Innovation diffusion as a spatial process

Guardado en:
Detalles Bibliográficos
Autor principal: Hägerstrand, Torsten
Formato: Libro
Lenguaje:inglés
Publicado: Chicago <The> University of Chicago Press 1967
Etiquetas: Agregar Etiqueta
Sin Etiquetas, Sea el primero en etiquetar este registro!

MARC

LEADER 00000nam$a2200000$$$4500
001 0053551
005 20221205071724.2
041 0 |a eng 
245 1 0 |a Innovation diffusion as a spatial process  |c Torsten Hägerstrand 
264 1 |a Chicago  |b <The> University of Chicago Press  |c 1967 
300 |a 334 s. 
100 1 |a Hägerstrand, Torsten